000 00253 a2200121 4500
001 126850
020 _a9788572087551
040 _cEscola Canadense de Niteroi
090 _aC11
100 _aMedeiros, Maria
245 1 0 _aCores em Cordel
942 _cBK
999 _c126850
_d126850